| Tag |
First Indicator |
Second Indicator |
Subfields |
| LEADER |
00000cam a22000001i 4500 |
| 001 |
in00002503591 |
| 005 |
20190327173459.0 |
| 006 |
m||||||||d|||||||| |
| 007 |
cr |n ---||a|a |
| 008 |
891129s1911 dcu s 000|0 engmd |
| 010 |
|
|
|a 11015615
|
| 035 |
|
|
|a RIBGR20710125-B
|
| 035 |
|
|
|a (VaAlASP)ASPS00008293/bltc
|
| 040 |
|
|
|c RBN
|d RBN
|d VaAlASP
|d UtOrBLW
|
| 100 |
1 |
|
|a Terrell, Mary Church,
|d 1863-1954.
|
| 245 |
1 |
0 |
|a Harriet Beecher Stowe :
|b an appreciation /
|c by Mary Church Terrell.
|
| 264 |
|
1 |
|a Washington, D.C. :
|b Murray Bros. Press,
|c 1911.
|
| 300 |
|
|
|a 23 pages ;
|c 20 cm
|
| 336 |
|
|
|a text
|b txt
|2 rdacontent
|
| 337 |
|
|
|a computer
|b c
|2 rdamedia
|
| 338 |
|
|
|a online resource
|b cr
|2 rdacarrier
|
| 533 |
|
|
|a Electronic reproduction.
|b Alexandria, VA :
|c Alexander Street Press,
|d 2003.
|f (Black thought and culture).
|n Available via World Wide Web.
|
| 500 |
|
|
|a Electronic resource.
|
| 600 |
1 |
0 |
|a Stowe, Harriet Beecher,
|d 1811-1896.
|
| 655 |
|
0 |
|a Electronic books.
|
| 710 |
2 |
|
|a Harris Collection of American Poetry and Plays (Brown University).
|b Poetry, 1609-1875.
|5 RPB
|
| 776 |
1 |
|
|c Original
|w (RBN)11015615
|
| 830 |
|
0 |
|a Black thought and culture.
|
| 856 |
4 |
0 |
|z Connect to the full text of this electronic book
|u http://proxy.library.tamu.edu/login?url=http://www.aspresolver.com/aspresolver.asp?BLTC;S8293
|t 0
|
| 999 |
|
|
|a MARS
|
| 999 |
f |
f |
|s cf2f4e02-2608-3488-a775-33ba9f898ee7
|i bac65003-3ffd-3d0d-aeaa-cc424e85a82c
|t 0
|
| 952 |
f |
f |
|a Texas A&M University
|b College Station
|c Electronic Resources
|d Available Online
|t 0
|h No information provided
|
| 998 |
f |
f |
|t 0
|l Available Online
|